000
00325 a2200121 4500
100
_a
Wenoucouna, A. C.
260
_c
1981
650
_a
NUTRITION
650
_a
GROSSESSE
245
_a
Etat nutritionnel des femmes enceintes dans la région de Sakété et Cotonou
999
_c
19014
_d
19014